| 000 | 00571nam a22001937a 4500 | ||
|---|---|---|---|
| 005 | 20251108165235.0 | ||
| 008 | 250721s1981 xx 000 0 ara d | ||
| 082 | 1 | 4 | _a915.62/عبد |
| 100 | 1 | _aسامي، عبد الرحمن بك | |
| 245 | 1 | 0 | _aالقول الحق في بيروت و دمشق / |
| 264 | 1 |
_aبيروت : _bدار الرائد العريب، _c1981. |
|
| 300 | _a123ص | ||
| 490 | 0 | _aالتواريخ و الرحلات ؛ 1 | |
| 650 | 1 | 7 | _aلبنان |
| 650 | 1 | 7 | _aالجغرافيا |
| 650 | 1 | 7 | _aالسفر |
| 942 |
_2ddc _cBK |
||
| 999 |
_c22997 _d22997 |
||